Braille - Mots aléatoires - Statistiques

Statistiques générales
  • Ce quiz a été pris 109 fois
  • Le résultat moyen est 10 sur 20
Statistiques - réponses
Braille Transcription % Correct
⠁⠃⠑⠊⠇⠇⠑ abeille
100%
⠁⠃⠗⠊⠉⠕⠞ abricot
100%
⠁⠙⠗⠑⠎⠎⠑ adresse
100%
⠁⠿⠗⠕⠏⠕⠗⠞ aéroport
100%
⠁⠊⠗ air
100%
⠁⠍⠊ ami
100%
⠁⠍⠕⠥⠗ amour
100%
⠁⠝⠛⠇⠑ angle
100%
⠁⠗⠁⠊⠛⠝⠿⠑ araignée
100%
⠁⠗⠛⠑⠝⠞ argent
100%
⠁⠗⠗⠕⠎⠕⠊⠗ arrosoir
100%
⠁⠧⠊⠕⠝ avion
100%
⠃⠁⠛⠥⠑⠞⠞⠑ baguette
100%
⠃⠁⠗⠟⠥⠑ barque
100%
⠃⠁⠎⠎⠊⠝ bassin
100%
⠃⠁⠧⠕⠊⠗ bavoir
100%
⠃⠣⠞⠑ bête
100%
⠃⠊⠇⠇⠑⠞ billet
100%
⠃⠊⠵⠁⠗⠗⠑ bizarre
100%
⠃⠕⠊⠎ bois
100%
⠃⠕⠝⠃⠕⠝ bonbon
100%
⠃⠕⠥⠞⠑⠊⠇⠇⠑ bouteille
100%
⠃⠗⠥⠊⠞ bruit
100%
⠃⠥⠊⠎⠎⠕⠝ buisson
100%
⠉⠁⠋⠿ café
100%
⠉⠁⠝⠁⠏⠿ canapé
100%
⠉⠁⠗⠁⠧⠁⠝⠑ caravane
100%
⠉⠁⠗⠝⠑⠞ carnet
100%
⠉⠁⠗⠕⠞⠞⠑ carotte
100%
⠉⠁⠗⠞⠁⠃⠇⠑ cartable
100%
⠉⠁⠥⠉⠓⠑⠍⠁⠗ cauchemar
100%
⠉⠑⠗⠊⠎⠑ cerise
100%
⠉⠓⠁⠝⠞⠑⠗ chanter
100%
⠉⠓⠁⠗⠊⠕⠞ chariot
100%
⠉⠓⠁⠎⠎⠑⠥⠗ chasseur
100%
⠉⠓⠣⠝⠑ chêne
100%
⠉⠓⠑⠧⠑⠥ cheveu
100%
⠉⠓⠕⠉⠕⠇⠁⠞ chocolat
100%
⠉⠓⠕⠥ chou
100%
⠉⠓⠕⠥⠑⠞⠞⠑ chouette
100%
⠉⠓⠥⠉⠓⠕⠞⠑⠗ chuchoter
100%
⠉⠊⠎⠑⠁⠥⠭ ciseaux
100%
⠉⠊⠞⠗⠕⠝ citron
100%
⠉⠇⠁⠎⠎⠑ classe
100%
⠉⠇⠕⠉⠓⠑⠗ clocher
100%
⠉⠇⠕⠥ clou
100%
⠉⠕⠊⠋⠋⠑⠥⠗ coiffeur
100%
⠉⠕⠍⠏⠁⠗⠑⠗ comparer
100%
⠉⠕⠍⠏⠞⠑⠗ compter
100%
⠉⠕⠥⠎⠊⠝ cousin
100%
⠉⠕⠥⠧⠑⠗⠉⠇⠑ couvercle
100%
⠉⠗⠁⠏⠁⠥⠙ crapaud
100%
⠉⠗⠁⠽⠕⠝ crayon
100%
⠉⠗⠑⠧⠑⠞⠞⠑ crevette
100%
⠉⠗⠕⠉⠓⠑⠞ crochet
100%
⠉⠗⠕⠉⠕⠙⠊⠇⠑ crocodile
100%
⠉⠗⠕⠱⠞⠑ croûte
100%
⠉⠥⠃⠑ cube
100%
⠉⠥⠊⠇⠇⠮⠗⠑ cuillère
100%
⠉⠥⠧⠑⠞⠞⠑ cuvette
100%
⠙⠿⠉⠕⠇⠇⠑⠗ décoller
100%
⠙⠿⠉⠕⠗⠑⠗ décorer
100%
⠙⠿⠉⠕⠥⠏⠁⠛⠑ découpage
100%
⠙⠑⠝⠞ dent
100%
⠙⠑⠝⠞⠊⠋⠗⠊⠉⠑ dentifrice
100%
⠙⠊⠝⠙⠕⠝ dindon
100%
⠙⠊⠗⠑ dire
100%
⠙⠗⠁⠏⠑⠁⠥ drapeau
100%
⠙⠗⠕⠊⠞ droit
100%
⠿⠉⠇⠁⠞⠑⠗ éclater
100%
⠿⠉⠗⠊⠗⠑ écrire
100%
⠑⠝⠙⠊⠧⠑ endive
100%
⠑⠝⠙⠗⠕⠊⠞ endroit
100%
⠑⠝⠞⠑⠝⠙⠗⠑ entendre
100%
⠑⠝⠞⠕⠝⠝⠕⠊⠗ entonnoir
100%
⠑⠝⠞⠗⠿⠑ entrée
100%
⠑⠝⠧⠑⠇⠕⠏⠏⠑ enveloppe
100%
⠑⠝⠧⠊⠑ envie
100%
⠿⠏⠁⠥⠇⠑ épaule
100%
⠑⠎⠉⠁⠗⠛⠕⠞ escargot
100%
⠑⠎⠎⠑⠝⠉⠑ essence
100%
⠿⠞⠕⠊⠇⠑ étoile
100%
⠋⠣⠞⠑ fête
100%
⠋⠑⠥⠊⠇⠇⠑ feuille
100%
⠋⠊⠉⠑⠇⠇⠑ ficelle
100%
⠋⠊⠇ fil
100%
⠋⠊⠇⠑⠞ filet
100%
⠋⠇⠑⠥⠗⠊⠎⠞⠑ fleuriste
100%
⠋⠕⠗⠣⠞ forêt
100%
⠋⠕⠥⠊⠇⠇⠑⠗ fouiller
100%
⠋⠗⠕⠍⠁⠛⠑ fromage
100%
⠛⠡⠞⠑⠁⠥ gâteau
100%
⠛⠽⠍⠝⠁⠎⠞⠊⠟⠥⠑ gymnastique
100%
⠓⠁⠃⠊⠞ habit
100%
⠓⠿⠗⠊⠎⠎⠕⠝ hérisson
100%
⠚⠁⠍⠃⠑⠎ jambes
100%
⠚⠑⠥ jeu
100%
⠚⠥⠏⠑ jupe
100%
⠇⠁⠊⠞ lait
100%
⠇⠊⠗⠑ lire
100%
⠇⠊⠎⠞⠑ liste
100%
⠇⠥⠝⠑ lune
100%
⠍⠁⠛⠁⠎⠊⠝ magasin
100%
⠍⠁⠛⠊⠑ magie
100%
⠍⠁⠗⠛⠥⠑⠗⠊⠞⠑ marguerite
100%
⠍⠣⠍⠑ même
100%
⠍⠑⠥⠃⠇⠑ meuble
100%
⠍⠊⠉⠗⠕ micro
100%
⠍⠊⠑ mie
100%
⠍⠕⠝⠙⠑ monde
100%
⠍⠕⠗⠉⠑⠁⠥ morceau
100%
⠍⠕⠥⠇⠑ moule
100%
⠍⠕⠥⠇⠊⠝ moulin
100%
⠍⠕⠥⠞⠕⠝ mouton
100%
⠍⠥⠗ mur
100%
⠝⠑⠥⠋ neuf
100%
⠕⠍⠃⠗⠑ ombre
100%
⠕⠗⠁⠛⠑ orage
100%
⠏⠁⠊⠗⠑ paire
100%
⠏⠁⠇⠁⠊⠎ palais
100%
⠏⠁⠏⠁ papa
100%
⠏⠁⠟⠥⠑⠞ paquet
100%
⠏⠁⠗⠉⠕⠥⠗⠎ parcours
100%
⠏⠁⠗⠑⠝⠞ parent
100%
⠏⠁⠗⠅⠊⠝⠛ parking
100%
⠏⠁⠗⠞ part
100%
⠏⠁⠎⠎⠑⠗ passer
100%
⠏⠁⠽⠎ pays
100%
⠏⠣⠉⠓⠑⠥⠗ pêcheur
100%
⠏⠑⠊⠝⠞⠥⠗⠑ peinture
100%
⠏⠊⠑⠗⠗⠑ pierre
100%
⠏⠊⠝⠉⠑⠁⠥ pinceau
100%
⠏⠕⠉⠓⠑ poche
100%
⠏⠕⠣⠇⠑ poêle
100%
⠏⠕⠊⠝⠞ point
100%
⠏⠕⠊⠎⠕⠝ poison
100%
⠏⠕⠇⠊⠉⠊⠑⠗ policier
100%
⠏⠕⠎⠞⠑ poste
100%
⠏⠕⠥⠏⠿⠑ poupée
100%
⠏⠗⠕⠍⠑⠝⠁⠙⠑ promenade
100%
⠟⠥⠑⠎⠞⠊⠕⠝ question
100%
⠟⠥⠑⠥⠑ queue
100%
⠗⠁⠎⠕⠊⠗ rasoir
100%
⠗⠿⠉⠗⠿⠁⠞⠊⠕⠝ récréation
100%
⠗⠿⠋⠗⠊⠛⠿⠗⠁⠞⠑⠥⠗ réfrigérateur
100%
⠗⠑⠝⠁⠗⠙ renard
100%
⠗⠑⠝⠉⠕⠝⠞⠗⠑⠗ rencontrer
100%
⠗⠿⠧⠑⠊⠇ réveil
100%
⠗⠊⠗⠑ rire
100%
⠗⠕⠃⠑ robe
100%
⠗⠕⠉⠓⠑⠗ rocher
100%
⠗⠕⠥⠑ roue
100%
⠗⠥⠃⠁⠝ ruban
100%
⠎⠁⠝⠛ sang
100%
⠎⠑⠗⠗⠥⠗⠑ serrure
100%
⠎⠕⠇⠊⠙⠑ solide
100%
⠞⠁⠃⠇⠑ table
100%
⠞⠁⠍⠃⠕⠥⠗ tambour
100%
⠞⠁⠏⠊⠎ tapis
100%
⠞⠿⠇⠿⠏⠓⠕⠝⠑ téléphone
100%
⠞⠿⠇⠿⠏⠓⠕⠝⠑⠗ téléphoner
100%
⠞⠊⠛⠗⠑ tigre
100%
⠞⠗⠁⠝⠉⠓⠑ tranche
100%
⠞⠗⠁⠧⠁⠥⠭ travaux
100%
⠞⠗⠊⠎⠞⠑ triste
100%
⠞⠗⠕⠥⠎⠎⠑ trousse
100%
⠧⠁⠉⠓⠑ vache
100%
⠧⠑⠎⠞⠑ veste
100%
⠧⠣⠞⠑⠍⠑⠝⠞ vêtement
100%
⠧⠊⠇⠇⠁⠛⠑ village
100%
⠧⠊⠎ vis
100%
⠧⠕⠊⠭ voix
100%
⠧⠕⠽⠁⠛⠑ voyage
100%
⠺⠁⠛⠕⠝ wagon
100%
⠉⠁⠊⠇⠇⠕⠥ caillou
67%
⠋⠁⠗⠊⠝⠑ farine
67%
⠝⠕⠥⠗⠗⠊⠞⠥⠗⠑ nourriture
67%
⠕⠥⠞⠊⠇ outil
67%
⠏⠇⠁⠞ plat
67%
⠞⠗⠁⠧⠁⠊⠇ travail
67%
⠁⠃⠩⠍⠿ abîmé
50%
⠁⠉⠉⠕⠍⠏⠁⠛⠝⠑⠗ accompagner
50%
⠁⠊⠛⠇⠑ aigle
50%
⠃⠊⠋⠞⠑⠉⠅ bifteck
50%
⠃⠇⠑⠥ bleu
50%
⠃⠕⠝ bon
50%
⠉⠓⠑⠧⠊⠇⠇⠑ cheville
50%
⠉⠓⠮⠧⠗⠑ chèvre
50%
⠉⠓⠊⠑⠝ chien
50%
⠉⠓⠕⠊⠎⠊⠗ choisir
50%
⠉⠓⠕⠎⠑ chose
50%
⠉⠇⠕⠺⠝ clown
50%
⠉⠕⠝⠉⠕⠍⠃⠗⠑ concombre
50%
⠉⠕⠗⠙⠑ corde
50%
⠉⠗⠁⠧⠁⠞⠑ cravate
50%
⠉⠥⠊⠎⠊⠝⠑⠗ cuisiner
50%
⠉⠥⠇⠕⠞⠞⠑ culotte
50%
⠉⠽⠛⠝⠑ cygne
50%
⠙⠕⠎ dos
50%
⠑⠝⠛⠊⠝ engin
50%
⠋⠁⠥⠞⠑⠥⠊⠇ fauteuil
50%
⠋⠑⠥⠞⠗⠑ feutre
50%
⠋⠗⠕⠝⠞ front
50%
⠛⠕⠥⠞⠞⠑ goutte
50%
⠊⠝⠎⠞⠗⠥⠍⠑⠝⠞ instrument
50%
⠇⠁⠉ lac
50%
⠇⠕⠥⠏ loup
50%
⠍⠊⠇⠊⠑⠥ milieu
50%
⠝⠁⠧⠊⠗⠑ navire
50%
⠝⠕⠍ nom
50%
⠏⠁⠝⠎⠑⠍⠑⠝⠞ pansement
50%
⠏⠓⠁⠗⠍⠁⠉⠊⠑⠝ pharmacien
50%
⠏⠓⠕⠞⠕ photo
50%
⠏⠕⠎⠞⠑⠗ poster
50%
⠗⠑⠛⠁⠗⠙ regard
50%
⠎⠁⠝⠞⠿ santé
50%
⠞⠕⠝⠝⠑⠗⠗⠑ tonnerre
50%
⠧⠑⠝⠞ vent
50%
⠵⠕⠕ zoo
50%
⠃⠁⠝⠉ banc
33%
⠉⠁⠍⠏⠁⠛⠝⠑ campagne
33%
⠉⠓⠁⠥⠎⠎⠑⠞⠞⠑ chaussette
33%
⠛⠕⠱⠞⠑⠗ goûter
33%
⠚⠑⠥⠙⠊ jeudi
33%
⠁⠉⠉⠊⠙⠑⠝⠞ accident
0%
⠁⠉⠉⠗⠕⠉⠓⠑⠗ accrocher
0%
⠁⠉⠗⠕⠃⠁⠞⠑ acrobate
0%
⠁⠙⠥⠇⠞⠑ adulte
0%
⠁⠋⠋⠁⠊⠗⠑ affaire
0%
⠁⠋⠋⠊⠉⠓⠑ affiche
0%
⠡⠛⠑ âge
0%
⠁⠛⠝⠑⠁⠥ agneau
0%
⠁⠊⠛⠥⠊⠇⠇⠑ aiguille
0%
⠁⠊⠇ ail
0%
⠁⠊⠇⠑ aile
0%
⠁⠇⠃⠥⠍ album
0%
⠁⠇⠃⠥⠍ album
0%
⠁⠇⠊⠍⠑⠝⠞ aliment
0%
⠁⠇⠇⠥⠍⠑⠞⠞⠑ allumette
0%
⠁⠇⠏⠓⠁⠃⠑⠞ alphabet
0%
⠁⠍⠃⠥⠇⠁⠝⠉⠑ ambulance
0%
⠁⠍⠏⠕⠥⠇⠑ ampoule
0%
⠁⠝ an
0%
⠁⠝⠁⠝⠁⠎ ananas
0%
⠁⠝⠉⠊⠑⠝ ancien
0%
⠡⠝⠑ âne
0%
⠁⠝⠊⠍⠁⠥⠭ animaux
0%
⠁⠝⠝⠿⠑ année
0%
⠁⠝⠝⠊⠧⠑⠗⠎⠁⠊⠗⠑ anniversaire
0%
⠁⠝⠕⠗⠁⠅ anorak
0%
⠁⠏⠏⠁⠗⠑⠊⠇ appareil
0%
⠁⠏⠏⠁⠗⠞⠑⠍⠑⠝⠞ appartement
0%
⠁⠏⠏⠿⠞⠊⠞ appétit
0%
⠁⠟⠥⠁⠗⠊⠥⠍ aquarium
0%
⠁⠗⠃⠗⠑ arbre
0%
⠁⠗⠉ arc
0%
⠁⠗⠍⠕⠊⠗⠑ armoire
0%
⠁⠗⠗⠣⠞ arrêt
0%
⠁⠗⠗⠊⠮⠗⠑ arrière
0%
⠁⠎⠉⠑⠝⠎⠑⠥⠗ ascenseur
0%
⠁⠎⠏⠊⠗⠁⠞⠑⠥⠗ aspirateur
0%
⠁⠎⠎⠊⠑⠞⠞⠑ assiette
0%
⠁⠎⠎⠊⠑⠞⠞⠑ assiette
0%
⠁⠞⠞⠑⠝⠞⠊⠕⠝ attention
0%
⠁⠥⠞⠕ auto
0%
⠁⠧⠁⠝⠉⠑⠗ avancer
0%
⠃⠁⠛⠁⠛⠑ bagage
0%
⠃⠁⠛⠥⠑ bague
0%
⠃⠁⠊⠝ bain
0%
⠃⠁⠊⠎⠑⠗ baiser
0%
⠃⠁⠇⠁⠊ balai
0%
⠃⠁⠇⠁⠽⠑⠗ balayer
0%
⠃⠁⠇⠉⠕⠝ balcon
0%
⠃⠁⠇⠑⠊⠝⠑ baleine
0%
⠃⠁⠇⠇⠑ balle
0%
⠃⠁⠝⠁⠝⠑ banane
0%
⠃⠁⠗⠃⠑ barbe
0%
⠃⠁⠗⠗⠑ barre
0%
⠃⠁⠗⠗⠑⠁⠥ barreau
0%
⠃⠁⠗⠗⠑⠞⠞⠑ barrette
0%
⠃⠁⠞⠑⠁⠥ bateau
0%
⠃⠡⠞⠕⠝ bâton
0%
⠃⠿⠃⠿ bébé
0%
⠃⠑⠉ bec
0%
⠃⠣⠞⠑⠎ bêtes
0%
⠃⠣⠞⠊⠎⠑ bêtise
0%
⠃⠑⠥⠗⠗⠑ beurre
0%
⠃⠊⠃⠑⠗⠕⠝ biberon
0%
⠃⠊⠃⠇⠊⠕⠞⠓⠮⠟⠥⠑ bibliothèque
0%
⠃⠊⠑⠝⠞⠹⠞ bientôt
0%
⠃⠊⠚⠕⠥ bijou
0%
⠃⠊⠎⠉⠥⠊⠞ biscuit
0%
⠃⠊⠎⠕⠥ bisou
0%
⠃⠇⠁⠝⠉ blanc
0%
⠃⠪⠥⠋ bœuf
0%
⠃⠕⠊⠗⠑ boire
0%
⠃⠕⠊⠎⠎⠕⠝ boisson
0%
⠃⠕⠩⠞⠑ boîte
0%
⠃⠕⠩⠞⠑ boîte
0%
⠃⠕⠇ bol
0%
⠃⠕⠝⠓⠕⠍⠍⠑ bonhomme
0%
⠃⠕⠝⠝⠑⠞ bonnet
0%
⠃⠕⠗⠙ bord
0%
⠃⠕⠎⠎⠑ bosse
0%
⠃⠕⠞⠞⠑ botte
0%
⠃⠕⠞⠞⠑⠎ bottes
0%
⠃⠕⠥⠉⠓⠑⠗⠊⠑ boucherie
0%
⠃⠕⠥⠉⠓⠕⠝ bouchon
0%
⠃⠕⠥⠑ boue
0%
⠃⠕⠥⠿⠑ bouée
0%
⠃⠕⠥⠇⠁⠝⠛⠑⠗ boulanger
0%
⠃⠕⠥⠇⠁⠝⠛⠑⠗⠊⠑ boulangerie
0%
⠃⠕⠥⠟⠥⠑⠞ bouquet
0%
⠃⠕⠥⠗⠛⠑⠕⠝ bourgeon
0%
⠃⠕⠥⠞ bout
0%
⠃⠕⠥⠞⠊⠟⠥⠑ boutique
0%
⠃⠕⠥⠞⠕⠝ bouton
0%
⠃⠗⠁⠉⠑⠇⠑⠞ bracelet
0%
⠃⠗⠁⠝⠉⠓⠑ branche
0%
⠃⠗⠁⠎ bras
0%
⠃⠗⠑⠞⠑⠇⠇⠑ bretelle
0%
⠃⠗⠊⠉⠕⠇⠁⠛⠑ bricolage
0%
⠃⠗⠊⠇⠇⠑⠗ briller
0%
⠃⠗⠕⠎⠎⠑ brosse
0%
⠃⠗⠕⠥⠑⠞⠞⠑ brouette
0%
⠃⠗⠕⠥⠊⠇⠇⠁⠗⠙ brouillard
0%
⠃⠱⠉⠓⠑ bûche
0%
⠃⠥⠇⠇⠑⠎ bulles
0%
⠃⠥⠗⠑⠁⠥ bureau
0%
⠃⠥⠎ bus
0%
⠉⠁⠃⠁⠝⠑ cabane
0%
⠉⠁⠃⠊⠝⠑⠞ cabinet
0%
⠉⠁⠙⠗⠑ cadre
0%
⠉⠁⠛⠕⠥⠇⠑ cagoule
0%
⠉⠁⠓⠊⠑⠗ cahier
0%
⠉⠁⠊⠎⠎⠑ caisse
0%
⠉⠁⠊⠎⠎⠑ caisse
0%
⠉⠁⠇⠑⠝⠙⠗⠊⠑⠗ calendrier
0%
⠉⠁⠍⠁⠗⠁⠙⠑ camarade
0%
⠉⠁⠍⠿⠎⠉⠕⠏⠑ caméscope
0%
⠉⠁⠍⠊⠕⠝ camion
0%
⠉⠁⠍⠏ camp
0%
⠉⠁⠝⠁⠗⠙ canard
0%
⠉⠁⠝⠊⠧⠑⠁⠥ caniveau
0%
⠉⠁⠝⠝⠑ canne
0%
⠉⠁⠏⠗⠊⠉⠑ caprice
0%
⠉⠁⠗ car
0%
⠉⠁⠗⠗⠿ carré
0%
⠉⠁⠗⠗⠑⠁⠥ carreau
0%
⠉⠁⠗⠗⠑⠋⠕⠥⠗ carrefour
0%
⠉⠁⠗⠞⠕⠝ carton
0%
⠉⠁⠗⠞⠕⠝ carton
0%
⠉⠁⠎⠊⠑⠗ casier
0%
⠉⠁⠎⠟⠥⠑ casque
0%
⠉⠁⠎⠟⠥⠑⠞⠞⠑ casquette
0%
⠉⠁⠎⠎⠿ cassé
0%
⠉⠁⠎⠎⠑⠗⠕⠇⠑ casserole
0%
⠉⠁⠎⠎⠑⠞⠞⠑ cassette
0%
⠉⠁⠞⠁⠇⠕⠛⠥⠑ catalogue
0%
⠉⠁⠧⠑ cave
0%
⠉⠿⠙⠿ cédé
0%
⠉⠿⠙⠿⠗⠕⠍ cédérom
0%
⠉⠑⠊⠝⠞⠥⠗⠑ ceinture
0%
⠉⠑⠗⠉⠑⠁⠥ cerceau
0%
⠉⠿⠗⠿⠁⠇⠑ céréale
0%
⠉⠑⠗⠋ cerf
0%
⠉⠓⠁⠩⠝⠑ chaîne
0%
⠉⠓⠁⠊⠎⠑ chaise
0%
⠉⠓⠁⠊⠎⠑⠎ chaises
0%
⠉⠓⠁⠍⠃⠗⠑ chambre
0%
⠉⠓⠁⠍⠏ champ
0%
⠉⠓⠁⠍⠏⠊⠛⠝⠕⠝ champignon
0%
⠉⠓⠁⠝⠛⠑⠁⠝⠞ changeant
0%
⠉⠓⠁⠝⠎⠕⠝ chanson
0%
⠉⠓⠁⠝⠞⠑⠗ chanter
0%
⠉⠓⠁⠏⠑⠁⠥ chapeau
0%
⠉⠓⠁⠗⠉⠥⠞⠑⠗⠊⠑ charcuterie
0%
⠉⠓⠁⠞ chat
0%
⠉⠓⠡⠞⠁⠊⠛⠝⠑ châtaigne
0%
⠉⠓⠁⠥⠙ chaud
0%
⠉⠓⠁⠥⠎⠎⠕⠝ chausson
0%
⠉⠓⠁⠥⠎⠎⠥⠗⠑ chaussure
0%
⠉⠓⠑⠍⠊⠝ chemin
0%
⠉⠓⠑⠍⠊⠝⠿⠑ cheminée
0%
⠉⠓⠑⠍⠊⠎⠑ chemise
0%
⠉⠓⠑⠝⠊⠇⠇⠑ chenille
0%
⠉⠓⠑⠗⠉⠓⠑⠗ chercher
0%
⠉⠓⠑⠧⠁⠇ cheval
0%
⠉⠓⠊⠋⠋⠕⠝ chiffon
0%
⠉⠓⠊⠋⠋⠗⠑ chiffre
0%
⠉⠓⠥⠞⠑ chute
0%
⠉⠊⠑⠇ ciel
0%
⠉⠊⠛⠁⠗⠑⠞⠞⠑ cigarette
0%
⠉⠊⠛⠕⠛⠝⠑ cigogne
0%
⠉⠊⠇ cil
0%
⠉⠊⠍⠑⠞⠊⠮⠗⠑ cimetière
0%
⠉⠊⠝⠿⠍⠁ cinéma
0%
⠉⠊⠝⠟ cinq
0%
⠉⠊⠗⠟⠥⠑ cirque
0%
⠉⠊⠞⠗⠕⠥⠊⠇⠇⠑ citrouille
0%
⠉⠇⠿ clé
0%
⠉⠇⠿⠍⠑⠝⠞⠊⠝⠑ clémentine
0%
⠉⠇⠕⠉⠓⠑ cloche
0%
⠉⠕⠉⠉⠊⠝⠑⠇⠇⠑ coccinelle
0%
⠉⠕⠉⠓⠕⠝ cochon
0%
⠉⠪⠥⠗ cœur
0%
⠉⠕⠋⠋⠗⠑ coffre
0%
⠉⠕⠋⠋⠗⠑⠞ coffret
0%
⠉⠕⠊⠝ coin
0%
⠉⠕⠇ col
0%
⠉⠕⠇⠮⠗⠑ colère
0%
⠉⠕⠇⠇⠁⠝⠞ collant
0%
⠉⠕⠇⠇⠑ colle
0%
⠉⠕⠇⠇⠑ colle
0%
⠉⠕⠇⠇⠑⠗ coller
0%
⠉⠕⠇⠇⠊⠑⠗ collier
0%
⠉⠕⠇⠇⠊⠝⠑ colline
0%
⠉⠕⠇⠕⠗⠊⠁⠛⠑ coloriage
0%
⠉⠕⠇⠕⠗⠊⠑⠗ colorier
0%
⠉⠕⠍⠍⠑⠝⠉⠑⠗ commencer
0%
⠉⠕⠝⠋⠊⠞⠥⠗⠑ confiture
0%
⠉⠕⠝⠎⠞⠗⠥⠊⠗⠑ construire
0%
⠉⠕⠝⠞⠑ conte
0%
⠉⠕⠝⠞⠊⠝⠥⠑⠗ continuer
0%
⠉⠕⠝⠞⠗⠁⠊⠗⠑ contraire
0%
⠉⠕⠏⠁⠊⠝ copain
0%
⠉⠕⠏⠊⠑⠗ copier
0%
⠉⠕⠟ coq
0%
⠉⠕⠟⠥⠑⠇⠊⠉⠕⠞ coquelicot
0%
⠉⠕⠟⠥⠑⠞⠊⠑⠗ coquetier
0%
⠉⠕⠟⠥⠊⠇⠇⠁⠛⠑ coquillage
0%
⠉⠕⠟⠥⠊⠇⠇⠑ coquille
0%
⠉⠕⠟⠥⠊⠝ coquin
0%
⠉⠕⠗⠃⠑⠁⠥ corbeau
0%
⠉⠕⠗⠃⠑⠊⠇⠇⠑ corbeille
0%
⠉⠕⠗⠏⠎ corps
0%
⠉⠹⠞⠿ côté
0%
⠉⠕⠥ cou
0%
⠉⠕⠥⠙⠑ coude
0%
⠉⠕⠥⠑⠞⠞⠑ couette
0%
⠉⠕⠥⠇⠑⠥⠗ couleur
0%
⠉⠕⠥⠇⠕⠊⠗ couloir
0%
⠉⠕⠥⠏⠑⠗ couper
0%
⠉⠕⠥⠗⠊⠗ courir
0%
⠉⠕⠥⠗⠕⠝⠝⠑ couronne
0%
⠉⠕⠥⠗⠗⠊⠑⠗ courrier
0%
⠉⠕⠥⠎⠊⠝⠑ cousine
0%
⠉⠕⠥⠎⠎⠊⠝ coussin
0%
⠉⠕⠥⠞⠑⠁⠥ couteau
0%
⠉⠕⠥⠧⠑⠗ couver
0%
⠉⠕⠥⠧⠑⠗⠞ couvert
0%
⠉⠕⠥⠧⠑⠗⠞⠥⠗⠑ couverture
0%
⠉⠗⠁⠃⠑ crabe
0%
⠉⠗⠁⠊⠑ craie
0%
⠉⠗⠮⠉⠓⠑ crèche
0%
⠉⠗⠣⠏⠑⠎ crêpes
0%
⠉⠗⠑⠥⠭ creux
0%
⠉⠗⠊ cri
0%
⠉⠗⠕⠊⠭ croix
0%
⠉⠥⠊⠇⠇⠮⠗⠑ cuillère
0%
⠉⠥⠊⠎⠊⠝⠑ cuisine
0%
⠉⠥⠊⠎⠊⠝⠊⠮⠗⠑ cuisinière
0%
⠉⠥⠊⠎⠎⠑ cuisse
0%
⠙⠁⠍⠑ dame
0%
⠙⠁⠝⠛⠑⠗ danger
0%
⠙⠁⠝⠎⠑ danse
0%
⠙⠁⠝⠎⠑⠗ danser
0%
⠙⠁⠥⠏⠓⠊⠝ dauphin
0%
⠙⠿
0%
⠙⠿⠃⠥⠞ début
0%
⠙⠿⠉⠓⠊⠗⠑⠗ déchirer
0%
⠙⠿⠉⠕⠥⠏⠑⠗ découper
0%
⠙⠿⠯⠥ déçu
0%
⠙⠿⠋⠊⠇⠑⠗ défiler
0%
⠙⠿⠛⠥⠊⠎⠑⠍⠑⠝⠞ déguisement
0%
⠙⠿⠛⠥⠊⠎⠑⠗ déguiser
0%
⠙⠿⠇⠊⠉⠊⠑⠥⠭ délicieux
0%
⠙⠑⠍⠁⠊⠝ demain
0%
⠙⠑⠍⠁⠝⠙⠑⠗ demander
0%
⠙⠿⠍⠕⠇⠊⠗ démolir
0%
⠙⠑⠝⠞⠊⠎⠞⠑ dentiste
0%
⠙⠿⠏⠁⠗⠞ départ
0%
⠙⠑⠗⠝⠊⠑⠗ dernier
0%
⠙⠿⠎⠕⠗⠙⠗⠑ désordre
0%
⠙⠑⠎⠎⠑⠗⠞ dessert
0%
⠙⠑⠎⠎⠊⠝ dessin
0%
⠙⠑⠎⠎⠊⠝⠑⠗ dessiner
0%
⠙⠑⠥⠭ deux
0%
⠙⠑⠥⠭⠊⠮⠍⠑ deuxième
0%
⠙⠊⠉⠞⠊⠕⠝⠝⠁⠊⠗⠑ dictionnaire
0%
⠙⠊⠋⠋⠿⠗⠑⠝⠉⠑ différence
0%
⠙⠊⠍⠁⠝⠉⠓⠑ dimanche
0%
⠙⠩⠝⠑⠗ dîner
0%
⠙⠩⠝⠑⠞⠞⠑ dînette
0%
⠙⠊⠝⠕⠎⠁⠥⠗⠑ dinosaure
0%
⠙⠊⠗⠑⠉⠞⠑⠥⠗ directeur
0%
⠙⠊⠗⠑⠉⠞⠗⠊⠉⠑ directrice
0%
⠙⠊⠎⠉⠥⠞⠑⠗ discuter
0%
⠙⠊⠭ dix
0%
⠙⠕⠉⠞⠑⠥⠗ docteur
0%
⠙⠕⠊⠛⠞ doigt
0%
⠙⠕⠊⠛⠞⠎ doigts
0%
⠙⠕⠍⠊⠝⠕ domino
0%
⠙⠕⠎⠎⠊⠑⠗ dossier
0%
⠙⠕⠥⠉⠓⠑ douche
0%
⠙⠗⠁⠏ drap
0%
⠑⠁⠥ eau
0%
⠿⠉⠓⠁⠗⠏⠑ écharpe
0%
⠿⠉⠓⠁⠎⠎⠑⠎ échasses
0%
⠿⠉⠓⠑⠇⠇⠑ échelle
0%
⠿⠉⠇⠁⠊⠗ éclair
0%
⠿⠉⠕⠇⠑ école
0%
⠿⠉⠕⠗⠉⠑ écorce
0%
⠿⠉⠕⠥⠞⠑⠗ écouter
0%
⠿⠉⠗⠁⠝ écran
0%
⠿⠉⠗⠊⠞⠥⠗⠑ écriture
0%
⠿⠉⠗⠊⠞⠥⠗⠑ écriture
0%
⠿⠉⠥⠗⠑⠥⠊⠇ écureuil
0%
⠑⠋⠋⠁⠉⠑⠗ effacer
0%
⠑⠋⠋⠕⠗⠞ effort
0%
⠿⠛⠇⠊⠎⠑ église
0%
⠿⠇⠁⠎⠞⠊⠟⠥⠑ élastique
0%
⠿⠇⠿⠏⠓⠁⠝⠞ éléphant
0%
⠿⠇⠮⠧⠑ élève
0%
⠑⠍⠃⠕⠥⠞⠑⠊⠇⠇⠁⠛⠑ embouteillage
0%
⠑⠝⠋⠁⠝⠞ enfant
0%
⠿⠝⠕⠗⠍⠑ énorme
0%
⠑⠝⠞⠕⠥⠗⠑⠗ entourer
0%
⠑⠝⠧⠑⠇⠕⠏⠏⠑ enveloppe
0%
⠑⠝⠧⠕⠽⠑⠗ envoyer
0%
⠿⠏⠿⠑ épée
0%
⠿⠏⠊⠝⠛⠇⠑ épingle
0%
⠿⠏⠕⠝⠛⠑ éponge
0%
⠿⠟⠥⠊⠏⠑ équipe
0%
⠑⠎⠉⠁⠃⠑⠁⠥ escabeau
0%
⠑⠎⠉⠁⠇⠁⠙⠑ escalade
0%
⠑⠎⠉⠁⠇⠊⠑⠗ escalier
0%
⠑⠎⠎⠁⠽⠑⠗ essayer
0%
⠿⠞⠁⠛⠮⠗⠑ étagère
0%
⠿⠞⠁⠝⠛ étang
0%
⠿⠞⠿ été
0%
⠿⠞⠊⠟⠥⠑⠞⠞⠑ étiquette
0%
⠿⠞⠥⠙⠑ étude
0%
⠿⠧⠊⠑⠗ évier
0%
⠑⠭⠞⠿⠗⠊⠑⠥⠗ extérieur
0%
⠋⠁⠉⠞⠑⠥⠗ facteur
0%
⠋⠁⠊⠍ faim
0%
⠋⠁⠊⠗⠑ faire
0%
⠋⠁⠗⠉⠑ farce
0%
⠋⠁⠞⠊⠛⠥⠑ fatigue
0%
⠋⠁⠥⠞⠑ faute
0%
⠋⠿⠑ fée
0%
⠋⠑⠍⠍⠑ femme
0%
⠋⠑⠝⠣⠞⠗⠑ fenêtre
0%
⠋⠑⠗⠍⠑ ferme
0%
⠋⠑⠗⠍⠊⠑⠗ fermier
0%
⠋⠑⠎⠎⠑ fesse
0%
⠋⠑⠥ feu
0%
⠋⠑⠥⠊⠇⠇⠑ feuille
0%
⠋⠮⠧⠑ fève
0%
⠋⠊⠮⠧⠗⠑ fièvre
0%
⠋⠊⠛⠥⠗⠑ figure
0%
⠋⠊⠇⠇⠑ fille
0%
⠋⠊⠇⠍ film
0%
⠋⠊⠇⠎ fils
0%
⠋⠊⠝ fin
0%
⠋⠊⠝⠊⠗ finir
0%
⠋⠇⠁⠍⠍⠑ flamme
0%
⠋⠇⠮⠉⠓⠑ flèche
0%
⠋⠇⠑⠥⠗ fleur
0%
⠋⠇⠕⠉⠕⠝ flocon
0%
⠋⠕⠊⠗⠑ foire
0%
⠋⠕⠊⠎ fois
0%
⠋⠕⠝⠙ fond
0%
⠋⠕⠝⠞⠁⠊⠝⠑ fontaine
0%
⠋⠕⠗⠍⠑ forme
0%
⠋⠕⠥⠗ four
0%
⠋⠕⠥⠗ four
0%
⠋⠕⠥⠗⠉⠓⠑⠞⠞⠑ fourchette
0%
⠋⠕⠥⠗⠍⠊ fourmi
0%
⠋⠗⠁⠊⠎⠑ fraise
0%
⠋⠗⠁⠍⠃⠕⠊⠎⠑ framboise
0%
⠋⠗⠁⠝⠛⠑ frange
0%
⠋⠗⠑⠊⠝ frein
0%
⠋⠗⠮⠗⠑ frère
0%
⠋⠗⠕⠊⠙ froid
0%
⠋⠗⠕⠞⠞⠑⠗ frotter
0%
⠋⠗⠥⠊⠞ fruit
0%
⠋⠥⠍⠿⠑ fumée
0%
⠋⠥⠍⠑⠗ fumer
0%
⠋⠥⠎⠿⠑ fusée
0%
⠋⠥⠎⠊⠇ fusil
0%
⠛⠁⠇⠑⠞⠞⠑ galette
0%
⠛⠁⠝⠞ gant
0%
⠛⠁⠗⠁⠛⠑ garage
0%
⠛⠁⠗⠯⠕⠝ garçon
0%
⠛⠁⠗⠙⠊⠑⠝ gardien
0%
⠛⠁⠗⠑ gare
0%
⠛⠡⠞⠑⠁⠥ gâteau
0%
⠛⠿⠁⠝⠞ géant
0%
⠛⠑⠇⠿ gelé
0%
⠛⠑⠝⠕⠥ genou
0%
⠛⠑⠝⠎ gens
0%
⠛⠊⠗⠁⠋⠑ girafe
0%
⠛⠇⠁⠉⠑ glace
0%
⠛⠕⠍⠍⠑ gomme
0%
⠛⠕⠗⠛⠑ gorge
0%
⠛⠕⠥⠗⠙⠑ gourde
0%
⠛⠕⠱⠞ goût
0%
⠛⠕⠥⠞⠞⠑⠎ gouttes
0%
⠛⠗⠁⠊⠝ grain
0%
⠛⠗⠁⠊⠝⠑ graine
0%
⠛⠗⠁⠝⠙⠊⠗ grandir
0%
⠛⠗⠑⠝⠕⠥⠊⠇⠇⠑ grenouille
0%
⠛⠗⠊⠋⠋⠑ griffe
0%
⠛⠗⠊⠋⠋⠑⠗ griffer
0%
⠛⠗⠊⠍⠁⠉⠑ grimace
0%
⠛⠗⠊⠎ gris
0%
⠛⠗⠕⠎ gros
0%
⠛⠗⠕⠞⠞⠑ grotte
0%
⠛⠗⠥⠑ grue
0%
⠛⠥⠣⠏⠑ guêpe
0%
⠓⠁⠃⠊⠞⠑⠗ habiter
0%
⠓⠁⠝⠉⠓⠑ hanche
0%
⠓⠁⠗⠊⠉⠕⠞ haricot
0%
⠓⠿⠇⠊⠉⠕⠏⠞⠮⠗⠑ hélicoptère
0%
⠓⠑⠗⠃⠑ herbe
0%
⠓⠑⠗⠃⠑ herbe
0%
⠓⠿⠎⠊⠞⠑⠗ hésiter
0%
⠓⠑⠥⠗⠑ heure
0%
⠓⠊⠃⠕⠥ hibou
0%
⠓⠊⠑⠗ hier
0%
⠓⠊⠏⠏⠕⠏⠕⠞⠁⠍⠑ hippopotame
0%
⠓⠊⠗⠕⠝⠙⠑⠇⠇⠑ hirondelle
0%
⠓⠊⠎⠞⠕⠊⠗⠑ histoire
0%
⠓⠊⠧⠑⠗ hiver
0%
⠓⠕⠍⠍⠑ homme
0%
⠓⠹⠏⠊⠞⠁⠇ hôpital
0%
⠓⠕⠗⠇⠕⠛⠑ horloge
0%
⠓⠹⠞⠑⠇ hôtel
0%
⠓⠥⠊⠇⠑ huile
0%
⠓⠥⠊⠞ huit
0%
⠓⠥⠍⠊⠙⠑ humide
0%
⠊⠙⠿⠑ idée
0%
⠩⠇⠑ île
0%
⠊⠍⠁⠛⠑ image
0%
⠊⠍⠊⠞⠑⠗ imiter
0%
⠊⠍⠍⠑⠝⠎⠑ immense
0%
⠊⠍⠍⠑⠥⠃⠇⠑ immeuble
0%
⠊⠝⠉⠑⠝⠙⠊⠑ incendie
0%
⠊⠝⠋⠊⠗⠍⠊⠑⠗ infirmier
0%
⠊⠝⠋⠊⠗⠍⠊⠮⠗⠑ infirmière
0%
⠊⠝⠎⠑⠉⠞⠑ insecte
0%
⠊⠝⠎⠞⠁⠃⠇⠑ instable
0%
⠊⠝⠞⠿⠗⠊⠑⠥⠗ intérieur
0%
⠊⠝⠞⠗⠥⠎ intrus
0%
⠊⠝⠧⠊⠞⠁⠞⠊⠕⠝ invitation
0%
⠚⠁⠍⠃⠑ jambe
0%
⠚⠁⠗⠙⠊⠝ jardin
0%
⠚⠁⠥⠝⠑ jaune
0%
⠚⠑⠁⠝ jean
0%
⠚⠑⠥ jeu
0%
⠚⠕⠊⠑ joie
0%
⠚⠕⠝⠟⠥⠊⠇⠇⠑ jonquille
0%
⠚⠕⠥⠑ joue
0%
⠚⠕⠥⠑⠞ jouet
0%
⠚⠕⠥⠗ jour
0%
⠚⠕⠥⠗⠝⠁⠥⠭ journaux
0%
⠚⠕⠥⠗⠝⠿⠑ journée
0%
⠚⠥⠍⠑⠁⠥ jumeau
0%
⠚⠥⠍⠑⠇⠇⠑⠎ jumelles
0%
⠅⠁⠝⠛⠕⠥⠗⠕⠥ kangourou
0%
⠇⠁⠉⠑⠞ lacet
0%
⠇⠁⠊⠝⠑ laine
0%
⠇⠁⠊⠎⠎⠑ laisse
0%
⠇⠁⠊⠎⠎⠑⠗ laisser
0%
⠇⠁⠍⠏⠑ lampe
0%
⠇⠁⠝⠛⠥⠑ langue
0%
⠇⠁⠗⠍⠑ larme
0%
⠇⠁⠧⠁⠃⠕ lavabo
0%
⠇⠑⠉⠞⠥⠗⠑ lecture
0%
⠇⠿⠛⠥⠍⠑ légume
0%
⠇⠿⠛⠥⠍⠑ légume
0%
⠇⠑⠎⠎⠊⠧⠑ lessive
0%
⠇⠑⠞⠞⠗⠑ lettre
0%
⠇⠮⠧⠗⠑⠎ lèvres
0%
⠇⠿⠵⠁⠗⠙ lézard
0%
⠇⠊⠛⠝⠑ ligne
0%
⠇⠊⠝⠛⠑ linge
0%
⠇⠊⠕⠝ lion
0%
⠇⠊⠟⠥⠊⠙⠑ liquide
0%
⠇⠊⠞ lit
0%
⠇⠊⠞ lit
0%
⠇⠊⠞⠗⠑ litre
0%
⠇⠊⠧⠗⠑ livre
0%
⠇⠕⠥⠉⠓⠑ louche
0%
⠇⠕⠥⠏⠑ loupe
0%
⠇⠥⠛⠑ luge
0%
⠇⠥⠍⠊⠮⠗⠑ lumière
0%
⠇⠥⠝⠙⠊ lundi
0%
⠇⠥⠝⠑⠞⠞⠑⠎ lunettes
0%
⠇⠥⠞⠊⠝ lutin
0%
⠍⠁⠉⠓⠊⠝⠑ machine
0%
⠍⠁⠙⠁⠍⠑ madame
0%
⠍⠁⠛⠁⠵⠊⠝⠑ magazine
0%
⠍⠁⠛⠊⠉⠊⠑⠝ magicien
0%
⠍⠁⠛⠝⠿⠞⠕⠎⠉⠕⠏⠑ magnétoscope
0%
⠍⠁⠊⠇⠇⠕⠞ maillot
0%
⠍⠁⠊⠝ main
0%
⠍⠁⠊⠝⠎ mains
0%
⠍⠁⠊⠝⠞⠑⠝⠁⠝⠞ maintenant
0%
⠍⠁⠩⠞⠗⠑ maître
0%
⠍⠁⠩⠞⠗⠑⠎⠎⠑ maîtresse
0%
⠍⠁⠇⠁⠙⠑ malade
0%
⠍⠁⠍⠁⠝ maman
0%
⠍⠁⠝⠉⠓⠑ manche
0%
⠍⠁⠝⠮⠛⠑ manège
0%
⠍⠁⠝⠛⠑⠗ manger
0%
⠍⠁⠝⠞⠑⠁⠥ manteau
0%
⠍⠁⠟⠥⠊⠇⠇⠁⠛⠑ maquillage
0%
⠍⠁⠗⠉⠓⠁⠝⠙ marchand
0%
⠍⠁⠗⠉⠓⠑ marche
0%
⠍⠁⠗⠉⠓⠑⠗ marcher
0%
⠍⠁⠗⠙⠊ mardi
0%
⠍⠁⠗⠑ mare
0%
⠍⠁⠗⠊ mari
0%
⠍⠁⠗⠊⠁⠛⠑ mariage
0%
⠍⠁⠗⠊⠝ marin
0%
⠍⠁⠗⠊⠕⠝⠝⠑⠞⠞⠑ marionnette
0%
⠍⠁⠗⠗⠕⠝ marron
0%
⠍⠁⠗⠞⠑⠁⠥ marteau
0%
⠍⠁⠎⠟⠥⠑ masque
0%
⠍⠁⠞⠑⠇⠁⠎ matelas
0%
⠍⠁⠞⠑⠗⠝⠑⠇⠇⠑ maternelle
0%
⠍⠁⠞⠊⠝ matin
0%
⠍⠿⠙⠑⠉⠊⠝ médecin
0%
⠍⠿⠙⠊⠉⠁⠍⠑⠝⠞ médicament
0%
⠍⠑⠇⠕⠝ melon
0%
⠍⠿⠝⠁⠛⠑ ménage
0%
⠍⠑⠝⠎⠕⠝⠛⠑ mensonge
0%
⠍⠑⠝⠞⠕⠝ menton
0%
⠍⠑⠗ mer
0%
⠍⠑⠗⠉⠗⠑⠙⠊ mercredi
0%
⠍⠮⠗⠑ mère
0%
⠍⠿⠞⠁⠇ métal
0%
⠍⠮⠞⠗⠑ mètre
0%
⠍⠑⠞⠞⠗⠑ mettre
0%
⠍⠊⠙⠊ midi
0%
⠍⠊⠑⠇ miel
0%
⠍⠊⠝⠑ mine
0%
⠍⠊⠝⠑ mine
0%
⠍⠊⠝⠥⠊⠞ minuit
0%
⠍⠊⠝⠥⠞⠑ minute
0%
⠍⠕⠙⠮⠇⠑ modèle
0%
⠍⠕⠊⠝⠑⠁⠥ moineau
0%
⠍⠕⠊⠎ mois
0%
⠍⠕⠊⠞⠊⠿ moitié
0%
⠍⠕⠍⠑⠝⠞ moment
0%
⠍⠕⠝⠝⠁⠊⠑ monnaie
0%
⠍⠕⠝⠎⠊⠑⠥⠗ monsieur
0%
⠍⠕⠝⠞⠁⠛⠝⠑ montagne
0%
⠍⠕⠝⠞⠗⠑ montre
0%
⠍⠕⠝⠞⠗⠑⠗ montrer
0%
⠍⠕⠝⠥⠍⠑⠝⠞ monument
0%
⠍⠕⠞ mot
0%
⠍⠕⠞⠑⠥⠗ moteur
0%
⠍⠕⠞⠕ moto
0%
⠍⠕⠥⠉⠓⠑ mouche
0%
⠍⠕⠥⠉⠓⠕⠊⠗ mouchoir
0%
⠍⠕⠥⠑⠞⠞⠑ mouette
0%
⠍⠕⠥⠋⠇⠑ moufle
0%
⠍⠕⠥⠎⠎⠑ mousse
0%
⠍⠕⠥⠎⠞⠁⠉⠓⠑ moustache
0%
⠍⠕⠥⠎⠞⠊⠟⠥⠑ moustique
0%
⠍⠥⠛⠥⠑⠞ muguet
0%
⠍⠱⠗ mûr
0%
⠍⠱⠗⠑ mûre
0%
⠍⠥⠎⠉⠇⠑ muscle
0%
⠍⠥⠎⠊⠟⠥⠑ musique
0%
⠝⠁⠊⠝ nain
0%
⠝⠁⠏⠏⠑ nappe
0%
⠝⠁⠧⠑⠞ navet
0%
⠝⠑⠊⠛⠑ neige
0%
⠝⠑⠞⠞⠕⠽⠑⠗ nettoyer
0%
⠝⠊⠙ nid
0%
⠝⠪⠥⠙ nœud
0%
⠝⠕⠊⠎⠑⠞⠞⠑ noisette
0%
⠝⠕⠊⠭ noix
0%
⠝⠕⠍⠃⠗⠑ nombre
0%
⠝⠥⠁⠛⠑ nuage
0%
⠝⠥⠁⠛⠑⠥⠭ nuageux
0%
⠝⠥⠊⠞ nuit
0%
⠝⠥⠍⠿⠗⠕ numéro
0%
⠕⠃⠚⠑⠞ objet
0%
⠕⠙⠑⠥⠗ odeur
0%
⠪⠥⠋ œuf
0%
⠕⠛⠗⠑ ogre
0%
⠕⠊⠑ oie
0%
⠕⠊⠛⠝⠕⠝ oignon
0%
⠕⠊⠎⠑⠁⠥ oiseau
0%
⠕⠝⠛⠇⠑ ongle
0%
⠕⠗ or
0%
⠕⠗⠁⠝⠛⠑ orange
0%
⠕⠗⠉⠓⠑⠎⠞⠗⠑ orchestre
0%
⠕⠗⠙⠊⠝⠁⠞⠑⠥⠗ ordinateur
0%
⠕⠗⠙⠕⠝⠝⠁⠝⠉⠑ ordonnance
0%
⠕⠗⠙⠗⠑ ordre
0%
⠕⠗⠑⠊⠇⠇⠑⠗ oreiller
0%
⠕⠥⠗⠁⠛⠁⠝ ouragan
0%
⠕⠥⠗⠎ ours
0%
⠕⠥⠧⠗⠊⠑⠗ ouvrier
0%
⠕⠥⠧⠗⠊⠗ ouvrir
0%
⠏⠁⠛⠑ page
0%
⠏⠁⠊⠝ pain
0%
⠏⠁⠝⠙⠁ panda
0%
⠏⠁⠝⠊⠑⠗ panier
0%
⠏⠁⠝⠝⠑ panne
0%
⠏⠁⠝⠝⠑⠁⠥ panneau
0%
⠏⠁⠝⠞⠁⠇⠕⠝ pantalon
0%
⠏⠁⠝⠞⠓⠮⠗⠑ panthère
0%
⠏⠁⠏⠊⠑⠗ papier
0%
⠏⠡⠟⠥⠑⠗⠑⠞⠞⠑ pâquerette
0%
⠏⠁⠗⠁⠏⠇⠥⠊⠑ parapluie
0%
⠏⠁⠗⠁⠎⠕⠇ parasol
0%
⠏⠁⠗⠉ parc
0%
⠏⠁⠗⠑⠊⠇ pareil
0%
⠏⠁⠗⠋⠥⠍ parfum
0%
⠏⠁⠎ pas
0%
⠏⠁⠎⠎⠁⠛⠑ passage
0%
⠏⠁⠎⠎⠑⠗⠑⠇⠇⠑ passerelle
0%
⠏⠡⠞⠑ pâte
0%
⠏⠡⠞⠑⠎ pâtes
0%
⠏⠡⠞⠊⠎⠎⠑⠗⠊⠑ pâtisserie
0%
⠏⠁⠽⠎⠁⠛⠑ paysage
0%
⠏⠑⠁⠥ peau
0%
⠏⠣⠉⠓⠑ pêche
0%
⠏⠑⠊⠛⠝⠑ peigne
0%
⠏⠑⠊⠝⠞⠥⠗⠑ peinture
0%
⠏⠑⠇⠥⠉⠓⠑ peluche
0%
⠏⠑⠝⠙⠥⠇⠑ pendule
0%
⠏⠑⠝⠞⠑ pente
0%
⠏⠮⠗⠑ père
0%
⠏⠑⠗⠇⠑ perle
0%
⠏⠑⠗⠗⠕⠟⠥⠑⠞ perroquet
0%
⠏⠑⠗⠎⠊⠇ persil
0%
⠏⠑⠗⠎⠕⠝⠝⠑ personne
0%
⠏⠑⠥⠗ peur
0%
⠏⠓⠁⠗⠍⠁⠉⠊⠑ pharmacie
0%
⠏⠓⠕⠟⠥⠑ phoque
0%
⠏⠊⠑⠙ pied
0%
⠏⠊⠑⠙⠎ pieds
0%
⠏⠊⠛⠑⠕⠝ pigeon
0%
⠏⠊⠇⠑ pile
0%
⠏⠊⠇⠕⠞⠑ pilote
0%
⠏⠊⠝ pin
0%
⠏⠊⠝⠉⠑⠁⠥ pinceau
0%
⠏⠊⠕⠝ pion
0%
⠏⠊⠟⠥⠑⠗ piquer
0%
⠏⠊⠟⠱⠗⠑ piqûre
0%
⠏⠊⠎⠉⠊⠝⠑ piscine
0%
⠏⠇⠁⠉⠁⠗⠙ placard
0%
⠏⠇⠁⠉⠑ place
0%
⠏⠇⠁⠋⠕⠝⠙ plafond
0%
⠏⠇⠁⠛⠑ plage
0%
⠏⠇⠁⠊⠗⠑ plaire
0%
⠏⠇⠁⠝⠉⠓⠑ planche
0%
⠏⠇⠁⠝⠞⠑ plante
0%
⠏⠇⠁⠞⠑⠁⠥ plateau
0%
⠏⠇⠡⠞⠗⠑ plâtre
0%
⠏⠇⠊ pli
0%
⠏⠇⠊⠁⠛⠑ pliage
0%
⠏⠇⠕⠝⠛⠑⠕⠊⠗ plongeoir
0%
⠏⠇⠥⠊⠑ pluie
0%
⠏⠇⠥⠍⠑ plume
0%
⠏⠇⠥⠧⠊⠑⠥⠭ pluvieux
0%
⠏⠝⠑⠥ pneu
0%
⠏⠕⠊⠛⠝⠑⠞ poignet
0%
⠏⠕⠊⠝⠛ poing
0%
⠏⠕⠊⠝⠞⠑ pointe
0%
⠏⠕⠊⠗⠑ poire
0%
⠏⠕⠊⠗⠑⠁⠥ poireau
0%
⠏⠕⠊⠎⠎⠕⠝ poisson
0%
⠏⠕⠊⠎⠎⠕⠝ poisson
0%
⠏⠕⠇⠊⠉⠑ police
0%
⠏⠕⠍⠍⠑ pomme
0%
⠏⠕⠍⠏⠊⠑⠗ pompier
0%
⠏⠕⠝⠑⠽ poney
0%
⠏⠕⠝⠞ pont
0%
⠏⠕⠗⠞ port
0%
⠏⠕⠗⠞⠑ porte
0%
⠏⠕⠗⠞⠑⠍⠁⠝⠞⠑⠁⠥ portemanteau
0%
⠏⠕⠞ pot
0%
⠏⠕⠥⠃⠑⠇⠇⠑ poubelle
0%
⠏⠕⠥⠉⠑ pouce
0%
⠏⠕⠥⠋ pouf
0%
⠏⠕⠥⠇⠑ poule
0%
⠏⠕⠥⠎⠎⠑⠞⠞⠑ poussette
0%
⠏⠕⠥⠎⠎⠊⠮⠗⠑ poussière
0%
⠏⠕⠥⠎⠎⠊⠝ poussin
0%
⠏⠕⠥⠞⠗⠑ poutre
0%
⠏⠗⠁⠊⠗⠊⠑ prairie
0%
⠏⠗⠿⠋⠿⠗⠑⠗ préférer
0%
⠏⠗⠑⠍⠊⠑⠗ premier
0%
⠏⠗⠿⠝⠕⠍ prénom
0%
⠏⠗⠊⠝⠉⠑ prince
0%
⠏⠗⠊⠝⠉⠑⠎⠎⠑ princesse
0%
⠏⠗⠊⠎⠑⠎ prises
0%
⠏⠗⠊⠭ prix
0%
⠏⠗⠕⠋⠕⠝⠙ profond
0%
⠏⠗⠥⠝⠑ prune
0%
⠏⠥⠊⠎ puis
0%
⠏⠥⠵⠵⠇⠑ puzzle
0%
⠏⠽⠚⠁⠍⠁ pyjama
0%
⠟⠥⠁⠊ quai
0%
⠟⠥⠁⠗⠞⠊⠑⠗ quartier
0%
⠟⠥⠁⠞⠗⠑ quatre
0%
⠗⠁⠙⠊⠁⠞⠑⠥⠗ radiateur
0%
⠗⠁⠙⠊⠕ radio
0%
⠗⠁⠊⠎⠊⠝ raisin
0%
⠗⠁⠍⠁⠎⠎⠑⠗ ramasser
0%
⠗⠁⠍⠏⠑ rampe
0%
⠗⠁⠝⠛⠿⠑ rangée
0%
⠗⠁⠞ rat
0%
⠗⠡⠞⠑⠁⠥ râteau
0%
⠗⠁⠽⠥⠗⠑ rayure
0%
⠗⠑⠉⠑⠞⠞⠑ recette
0%
⠗⠑⠊⠝⠑ reine
0%
⠗⠑⠝⠞⠗⠿⠑ rentrée
0%
⠗⠑⠏⠁⠎ repas
0%
⠗⠑⠏⠁⠎⠎⠑⠗ repasser
0%
⠗⠑⠟⠥⠊⠝ requin
0%
⠗⠑⠞⠁⠗⠙ retard
0%
⠗⠑⠞⠕⠥⠗ retour
0%
⠗⠑⠞⠕⠥⠗⠝⠑⠗ retourner
0%
⠗⠣⠧⠑⠗ rêver
0%
⠗⠓⠊⠝⠕⠉⠿⠗⠕⠎ rhinocéros
0%
⠗⠊⠙⠑⠁⠥ rideau
0%
⠗⠊⠧⠊⠮⠗⠑ rivière
0%
⠗⠊⠵ riz
0%
⠗⠕⠃⠊⠝⠑⠞ robinet
0%
⠗⠕⠊ roi
0%
⠗⠕⠝⠙ rond
0%
⠗⠕⠎⠿ rosé
0%
⠗⠕⠥⠛⠑ rouge
0%
⠗⠕⠥⠇⠁⠙⠑ roulade
0%
⠗⠕⠥⠇⠑⠁⠥ rouleau
0%
⠗⠕⠥⠞⠑ route
0%
⠗⠥⠑ rue
0%
⠎⠁⠉ sac
0%
⠎⠁⠊⠎⠕⠝ saison
0%
⠎⠁⠇⠁⠙⠑ salade
0%
⠎⠁⠇⠇⠑ salle
0%
⠎⠁⠍⠑⠙⠊ samedi
0%
⠎⠁⠏⠊⠝ sapin
0%
⠎⠁⠗⠙⠊⠝⠑ sardine
0%
⠎⠁⠥⠞ saut
0%
⠎⠁⠥⠞⠑⠗ sauter
0%
⠎⠁⠧⠕⠝ savon
0%
⠎⠉⠊⠑ scie
0%
⠎⠑⠉⠕⠥⠑⠗ secouer
0%
⠎⠑⠇ sel
0%
⠎⠑⠍⠁⠊⠝⠑ semaine
0%
⠎⠑⠍⠑⠇⠇⠑ semelle
0%
⠎⠑⠝⠎ sens
0%
⠎⠑⠏⠞ sept
0%
⠎⠑⠗⠏⠑⠝⠞ serpent
0%
⠎⠑⠗⠧⠊⠑⠞⠞⠑ serviette
0%
⠎⠑⠗⠧⠊⠑⠞⠞⠑ serviette
0%
⠎⠑⠗⠧⠊⠗ servir
0%
⠎⠑⠥⠇ seul
0%
⠎⠓⠁⠍⠏⠕⠊⠝⠛ shampoing
0%
⠎⠊⠮⠛⠑ siège
0%
⠎⠊⠑⠎⠞⠑ sieste
0%
⠎⠊⠇⠑⠝⠉⠑ silence
0%
⠎⠊⠝⠛⠑ singe
0%
⠎⠊⠭ six
0%
⠎⠅⠊ ski
0%
⠎⠪⠥⠗ sœur
0%
⠎⠕⠊⠋ soif
0%
⠎⠕⠊⠗ soir
0%
⠎⠕⠇ sol
0%
⠎⠕⠇⠙⠁⠞ soldat
0%
⠎⠕⠇⠑⠊⠇ soleil
0%
⠎⠕⠍⠍⠑⠊⠇ sommeil
0%
⠎⠕⠍⠍⠑⠞ sommet
0%
⠎⠕⠝⠝⠑⠞⠞⠑ sonnette
0%
⠎⠕⠗⠉⠊⠮⠗⠑ sorcière
0%
⠎⠕⠗⠞⠊⠑ sortie
0%
⠎⠕⠥⠗⠉⠊⠇ sourcil
0%
⠎⠕⠥⠗⠊⠗⠑ sourire
0%
⠎⠕⠥⠗⠊⠎ souris
0%
⠎⠏⠕⠗⠞ sport
0%
⠎⠟⠥⠁⠗⠑ square
0%
⠎⠟⠥⠑⠇⠑⠞⠞⠑ squelette
0%
⠎⠞⠽⠇⠕ stylo
0%
⠎⠥⠉⠗⠑ sucre
0%
⠎⠥⠊⠧⠁⠝⠞ suivant
0%
⠞⠁⠃⠇⠑⠁⠥ tableau
0%
⠞⠁⠃⠕⠥⠗⠑⠞ tabouret
0%
⠞⠁⠉⠓⠑ tache
0%
⠞⠁⠊⠇⠇⠑ taille
0%
⠞⠁⠇⠕⠝ talon
0%
⠞⠁⠍⠏⠕⠝ tampon
0%
⠞⠁⠗⠞⠑ tarte
0%
⠞⠁⠗⠞⠊⠝⠑ tartine
0%
⠞⠁⠥⠏⠑ taupe
0%
⠞⠿⠇⠿⠉⠕⠍⠍⠁⠝⠙⠑ télécommande
0%
⠞⠿⠇⠿⠧⠊⠎⠊⠕⠝ télévision
0%
⠞⠑⠍⠏⠣⠞⠑ tempête
0%
⠞⠑⠍⠏⠎ temps
0%
⠞⠑⠝⠞⠑ tente
0%
⠞⠑⠗⠗⠁⠊⠝ terrain
0%
⠞⠑⠗⠗⠑ terre
0%
⠞⠑⠗⠗⠊⠑⠗ terrier
0%
⠞⠣⠞⠑ tête
0%
⠞⠓⠿ thé
0%
⠞⠓⠑⠗⠍⠕⠍⠮⠞⠗⠑ thermomètre
0%
⠞⠊⠉⠅⠑⠞ ticket
0%
⠞⠊⠛⠑ tige
0%
⠞⠊⠍⠃⠗⠑ timbre
0%
⠞⠊⠗⠕⠊⠗ tiroir
0%
⠞⠊⠎⠎⠥ tissu
0%
⠞⠊⠞⠗⠑ titre
0%
⠞⠕⠃⠕⠛⠛⠁⠝ toboggan
0%
⠞⠕⠊⠇⠑⠞⠞⠑ toilette
0%
⠞⠕⠍⠁⠞⠑ tomate
0%
⠞⠕⠗⠉⠓⠕⠝ torchon
0%
⠞⠕⠗⠞⠥⠑ tortue
0%
⠞⠕⠥⠗ tour
0%
⠞⠕⠥⠗⠝⠑⠧⠊⠎ tournevis
0%
⠞⠗⠁⠉⠞⠑⠥⠗ tracteur
0%
⠞⠗⠁⠊⠝ train
0%
⠞⠗⠁⠩⠝⠑⠁⠥ traîneau
0%
⠞⠗⠁⠊⠗⠑ traire
0%
⠞⠗⠁⠊⠞ trait
0%
⠞⠗⠁⠍⠏⠕⠇⠊⠝⠑ trampoline
0%
⠞⠗⠿⠎⠕⠗ trésor
0%
⠞⠗⠊⠉⠕⠞ tricot
0%
⠞⠗⠕⠊⠎ trois
0%
⠞⠗⠕⠊⠎⠊⠮⠍⠑ troisième
0%
⠞⠗⠕⠍⠏⠑⠞⠞⠑ trompette
0%
⠞⠗⠕⠞⠞⠕⠊⠗ trottoir
0%
⠞⠗⠕⠥⠎⠎⠑ trousse
0%
⠞⠥⠃⠑ tube
0%
⠞⠥⠇⠊⠏⠑ tulipe
0%
⠞⠥⠝⠝⠑⠇ tunnel
0%
⠥⠝ un
0%
⠥⠝⠊⠋⠕⠗⠍⠑ uniforme
0%
⠥⠝⠊⠧⠑⠗⠎ univers
0%
⠥⠎⠊⠝⠑ usine
0%
⠥⠞⠊⠇⠑ utile
0%
⠧⠁⠉⠁⠝⠉⠑⠎ vacances
0%
⠧⠁⠛⠥⠑ vague
0%
⠧⠁⠊⠎⠎⠑⠇⠇⠑ vaisselle
0%
⠧⠁⠇⠊⠎⠑ valise
0%
⠧⠁⠎⠑ vase
0%
⠧⠿⠓⠊⠉⠥⠇⠑ véhicule
0%
⠧⠑⠝⠙⠗⠑⠙⠊ vendredi
0%
⠧⠑⠝⠞⠗⠑ ventre
0%
⠧⠑⠗ ver
0%
⠧⠑⠗⠞ vert
0%
⠧⠿⠞⠿⠗⠊⠝⠁⠊⠗⠑ vétérinaire
0%
⠧⠊⠁⠝⠙⠑ viande
0%
⠧⠊⠇⠇⠑ ville
0%
⠧⠊⠝ vin
0%
⠧⠊⠗⠁⠛⠑ virage
0%
⠧⠊⠞⠑⠎⠎⠑ vitesse
0%
⠧⠊⠞⠗⠑ vitre
0%
⠧⠕⠊⠇⠑ voile
0%
⠧⠕⠊⠎⠊⠝ voisin
0%
⠧⠕⠊⠞⠥⠗⠑ voiture
0%
⠧⠕⠇⠑⠞ volet
0%
⠭⠽⠇⠕⠏⠓⠕⠝⠑ xylophone
0%
⠽⠁⠕⠥⠗⠞ yaourt
0%
⠵⠮⠃⠗⠑ zèbre
0%
⠵⠿⠗⠕ zéro
0%
⠵⠊⠛⠵⠁⠛ zigzag
0%
Aucun quiz correspondant
Distribution des résultats
% des personnes avec chaque résultat
Percentile par nombre de réponses
Votre historique - résultats
Vous n’avez pas pris ce quiz